Hegel´s Dialectic

Gespeichert in:
Bibliographische Detailangaben
1. Verfasser: Sarlemijn, Andries
Format: Buch
Sprache:Undetermined
Veröffentlicht: Holanda D. Reidel 1975
Schlagworte:
Tags: Tag hinzufügen
Keine Tags, Fügen Sie den ersten Tag hinzu!

MARC

LEADER 00000nam a2200000Ia 4500
008 170316s9999 xx 000 0 und d
090 |a 100 S-14.1h 
100 |a Sarlemijn, Andries 
245 |a Hegel´s Dialectic 
260 |a Holanda 
260 |b D. Reidel 
260 |c 1975 
300 |a 189 páginas 
650 |a FILOSOFÍA 
999 |c 17533  |d 17533 
040 |a cru BVZT 
942 |c 15 D  |h 100 S-14.1h  |2 z